[Event "III Memorial Aldo Perini A"]
[Site "Senigallia ITA"]
[Date "2009.08.07"]
[Round "7"]
[White "Patrucco, Carlo"]
[Black "Altini, Nicola"]
[Result "0-1"]
[WhiteElo "1815"]
[BlackElo "2078"]
[PlyCount "70"]
[EventDate "2009.08.01"]

1. e4 c5 2. Nc3 Nc6 3. g3 g6 4. Bg2 Bg7 5. d3 d6 6. f4 e6 7. Nf3 Nge7 8. O-O
O-O 9. Be3 Nd4 10. e5 Nef5 11. Bf2 Nxf3+ 12. Qxf3 Nd4 13. Qd1 dxe5 14. fxe5
Bxe5 15. Ne4 f5 16. Nxc5 Qd6 17. b4 Nc6 18. Rb1 Bd4 19. a3 a5 20. Qe1 axb4 21.
axb4 Ra3 22. Bxd4 Nxd4 23. c3 Rxc3 24. Kh1 Ra3 25. Qc1 Ra2 26. Rb2 Rxb2 27.
Qxb2 b6 28. Na4 Bd7 29. Nc3 Bc6 30. b5 Bxg2+ 31. Kxg2 Qd7 32. Re1 Qb7+ 33. Kh3
g5 34. Qb4 g4+ 35. Kh4 Nf3+ 0-1

[Event "III Memorial Aldo Perini A"]
[Site "Senigallia ITA"]
[Date "2009.08.07"]
[Round "7"]
[White "Salvioli, Alessandro"]
[Black "Raselli, Claudio"]
[Result "1/2-1/2"]
[WhiteElo "1866"]
[BlackElo "1984"]
[PlyCount "53"]
[EventDate "2009.08.01"]

1. e4 d5 2. exd5 Qxd5 3. Nc3 Qd6 4. d4 Nf6 5. Nf3 a6 6. g3 Bg4 7. Bf4 Qe6+ 8.
Be3 Qf5 9. Bg2 Nc6 10. h3 Bxf3 11. Qxf3 Qxc2 12. O-O e6 13. Rfc1 Qg6 14. d5 Ne5
15. Qe2 Qd3 16. dxe6 Qxe2 17. exf7+ Kxf7 18. Nxe2 c6 19. Rd1 Be7 20. Bd4 Ned7
21. Rac1 Rhd8 22. h4 Nf8 23. Bb6 Rxd1+ 24. Rxd1 Ne6 25. Bh3 Nd5 26. Bd4 Bf6 27.
Bxf6 1/2-1/2

[Event "III Memorial Aldo Perini A"]
[Site "Senigallia ITA"]
[Date "2009.08.07"]
[Round "7"]
[White "Stromboli, Ettore"]
[Black "Foglia, Maurizio"]
[Result "1-0"]
[WhiteElo "2272"]
[BlackElo "2140"]
[PlyCount "91"]
[EventDate "2009.08.01"]

1. e4 c5 2. Nf3 e6 3. d4 cxd4 4. Nxd4 a6 5. c4 Nf6 6. Nc3 Bb4 7. Bd3 Nc6 8.
Nde2 Qc7 9. O-O Ne5 10. Bf4 Bd6 11. Rc1 Nxd3 12. Bxd6 Qxd6 13. c5 Qxc5 14. Qxd3
O-O 15. Nd5 Qb5 16. Qxb5 axb5 17. Nb6 Rxa2 18. Nxc8 Nxe4 19. Rc2 b4 20. Nc1 Ra6
21. Nb3 Re8 22. f3 Nf6 23. Ra1 d5 24. Rxa6 bxa6 25. Nd6 Ra8 26. Rc8+ Rxc8 27.
Nxc8 Kf8 28. Na7 Ke7 29. Nc6+ Kd6 30. Nxb4 a5 31. Nxa5 Kc5 32. Nc2 e5 33. Kf2
d4 34. Ke2 Nd5 35. g3 f5 36. Nb3+ Kc4 37. Nd2+ Kc5 38. Kd3 g5 39. Nb3+ Kd6 40.
Nd2 h5 41. b4 g4 42. fxg4 hxg4 43. Nc4+ Ke6 44. b5 Ne7 45. Nb4 f4 46. b6 1-0

[Event "III Memorial Aldo Perini A"]
[Site "Senigallia ITA"]
[Date "2009.08.07"]
[Round "7"]
[White "Vinciguerra, Marco"]
[Black "Bortolussi, Andrea"]
[Result "0-1"]
[WhiteElo "2037"]
[BlackElo "1852"]
[PlyCount "33"]
[EventDate "2009.08.01"]

1. e4 e5 2. Bc4 Nf6 3. d4 exd4 4. Nf3 Nxe4 5. Qxd4 Nf6 6. Bg5 Be7 7. Nc3 Nc6 8.
Qh4 d6 9. O-O-O Be6 10. Bb5 h6 11. Rhe1 O-O 12. Bxh6 gxh6 13. Qxh6 Nh7 14. Rxe6
Kh8 15. Nd5 Bg5+ 16. Kb1 Qc8 17. Nxg5 0-1

[Event "III Memorial Aldo Perini A"]
[Site "Senigallia ITA"]
[Date "2009.08.07"]
[Round "7"]
[White "Xia, Jie"]
[Black "Calavalle, Giulio"]
[Result "1-0"]
[WhiteElo "2206"]
[BlackElo "2228"]
[PlyCount "63"]
[EventDate "2009.08.01"]

1. Nf3 c5 2. g3 d6 3. Bg2 g6 4. O-O Bg7 5. c4 Nc6 6. Nc3 e5 7. d3 Nge7 8. Ne1
h5 9. Nd5 Nxd5 10. cxd5 Ne7 11. b4 b6 12. Bb2 Nf5 13. bxc5 bxc5 14. e4 Nh6 15.
Nc2 h4 16. Ne3 Bd7 17. Bc3 f6 18. Rb1 Nf7 19. f4 hxg3 20. hxg3 Rb8 21. Nc4 Rxb1
22. Qxb1 Ke7 23. Qb7 exf4 24. gxf4 Kf8 25. e5 f5 26. Rf3 dxe5 27. fxe5 Ng5 28.
Rg3 f4 29. Ba5 Qe8 30. Rxg5 Qe7 31. Qb8+ Be8 32. Qd6 1-0

[Event "III Memorial Aldo Perini A"]
[Site "Senigallia ITA"]
[Date "2009.08.08"]
[Round "8"]
[White "Altini, Nicola"]
[Black "Mazzariol, Oscar"]
[Result "1/2-1/2"]
[WhiteElo "2078"]
[BlackElo "2067"]
[PlyCount "33"]
[EventDate "2009.08.01"]

1. e4 c6 2. d4 g6 3. Nc3 Qb6 4. a3 Bg7 5. Be3 d6 6. Bc4 Nf6 7. Nf3 Bg4 8. O-O
Nbd7 9. b4 Qc7 10. h3 Bxf3 11. Qxf3 O-O 12. Qe2 Rae8 13. Rad1 Nxe4 14. Nxe4 d5
15. Bd3 dxe4 16. Bxe4 f5 17. Bf3 1/2-1/2

[Event "III Memorial Aldo Perini A"]
[Site "Senigallia ITA"]
[Date "2009.08.08"]
[Round "8"]
[White "Amedeo, Riccardo"]
[Black "Magini, Fabio"]
[Result "0-1"]
[WhiteElo "2000"]
[BlackElo "2005"]
[PlyCount "68"]
[EventDate "2009.08.01"]

1. g3 g6 2. Bg2 Bg7 3. Nf3 Nf6 4. O-O O-O 5. d3 d6 6. e4 e5 7. h3 h6 8. Be3 Be6
9. Nc3 Nc6 10. Qd2 Kh7 11. d4 exd4 12. Nxd4 Nxd4 13. Bxd4 c5 14. Be3 Qd7 15.
Kh2 Rad8 16. Rad1 Rfe8 17. Qe2 Qc8 18. Bf4 Bf8 19. Qf3 Nh5 20. Be3 Kg7 21. g4
Nf6 22. Qg3 b5 23. Nxb5 Bc4 24. Nc3 Bxf1 25. Rxf1 Qb8 26. Bc1 Qb4 27. Qh4 Ng8
28. Nd5 Qc4 29. Bd2 Rd7 30. Bc3+ Kh7 31. Nf6+ Nxf6 32. Qxf6 Re5 33. Bxe5 dxe5
34. Qxe5 Bd6 0-1

[Event "III Memorial Aldo Perini A"]
[Site "Senigallia ITA"]
[Date "2009.08.08"]
[Round "8"]
[White "Balzano, Aldo"]
[Black "Neri, Angelo"]
[Result "1-0"]
[WhiteElo "1853"]
[BlackElo "1972"]
[PlyCount "66"]
[EventDate "2009.08.01"]

1. e4 e6 2. d4 d5 3. Nc3 Nf6 4. e5 Nfd7 5. f4 c5 6. Nf3 Nc6 7. Be3 Qb6 8. Na4
Qa5+ 9. c3 cxd4 10. b4 Nxb4 11. cxb4 Bxb4+ 12. Bd2 Bxd2+ 13. Nxd2 g5 14. Bd3
gxf4 15. Rb1 Nxe5 16. Bb5+ Ke7 17. O-O a6 18. Be2 b5 19. Nc5 Qc3 20. Ndb3 Qe3+
21. Kh1 Bd7 22. Re1 Qf2 23. Rf1 Qh4 24. Qxd4 Qg5 25. Rxf4 Rhg8 26. Rf2 Rg7 27.
Re1 f6 28. Nd3 Nxd3 29. Bxd3 Rc8 30. Nc5 Rc6 31. Bf5 Rd6 32. Qb4 Kf7 33. Nxd7
Rc6 1-0

[Event "III Memorial Aldo Perini A"]
[Site "Senigallia ITA"]
[Date "2009.08.08"]
[Round "8"]
[White "Bortolussi, Andrea"]
[Black "Bozzali, Ermanno"]
[Result "0-1"]
[WhiteElo "1852"]
[BlackElo "2080"]
[PlyCount "68"]
[EventDate "2009.08.01"]

1. e4 c5 2. Nc3 Nc6 3. f4 e6 4. Nf3 d5 5. Bb5 Nge7 6. exd5 Nxd5 7. Bxc6+ bxc6
8. d3 Bd6 9. g3 O-O 10. Bd2 f6 11. Ne4 e5 12. fxe5 fxe5 13. O-O Bh3 14. Rf2 h6
15. Nh4 Qd7 16. Ng2 Bg4 17. Qf1 Rab8 18. b3 Be7 19. Ne3 Bh3 20. Qe2 Nf4 21.
gxf4 exf4 22. Ng2 f3 23. Qe3 Bxg2 24. Re1 Rbe8 25. Nxc5 Bxc5 26. Qxc5 Rf6 27.
Rxe8+ Qxe8 28. Qc4+ Kh8 29. d4 Qg6 30. Qd3 Rf5 31. Be3 Bh3+ 32. Kh1 Qg2+ 33.
Rxg2 fxg2+ 34. Kg1 Rf1+ 0-1

[Event "III Memorial Aldo Perini A"]
[Site "Senigallia ITA"]
[Date "2009.08.08"]
[Round "8"]
[White "Calavalle, Giulio"]
[Black "Rebeggiani, Luca"]
[Result "1-0"]
[WhiteElo "2228"]
[BlackElo "2019"]
[PlyCount "85"]
[EventDate "2009.08.01"]

1. e4 c5 2. Nc3 e6 3. f4 d5 4. e5 Nc6 5. Nf3 a6 6. Ne2 Nge7 7. Ng3 h5 8. h4 g6
9. c3 Qa5 10. Bd3 Nf5 11. Nxf5 exf5 12. Be2 Nd8 13. d3 Ne6 14. Qb3 Nc7 15. Bd2
Qb5 16. Qc2 Qd7 17. d4 c4 18. b3 b5 19. a4 Bb7 20. axb5 axb5 21. Rxa8+ Bxa8 22.
Kf2 Be7 23. Ra1 O-O 24. Ra7 Bc6 25. e6 fxe6 26. Ne5 Qd6 27. Nxg6 Ra8 28. Rxa8+
Nxa8 29. Bxh5 Kg7 30. Ne5 Bxh4+ 31. g3 Bf6 32. Bc1 Nb6 33. g4 cxb3 34. Qxb3
Bxe5 35. fxe5 Qe7 36. g5 Nc4 37. Qa2 Qb7 38. Kg3 Qa8 39. Qxa8 Bxa8 40. Be8 Bb7
41. g6 Nb6 42. Kh4 Bc8 43. Kh5 1-0

[Event "III Memorial Aldo Perini A"]
[Site "Senigallia ITA"]
[Date "2009.08.08"]
[Round "8"]
[White "Cirrincione, Giansalvo"]
[Black "Pelagalli, Marco"]
[Result "1-0"]
[WhiteElo "1975"]
[BlackElo "1836"]
[PlyCount "135"]
[EventDate "2009.08.01"]

1. d4 Nf6 2. Nf3 d5 3. Bf4 e6 4. c3 Nbd7 5. e3 Bd6 6. Ne5 Qe7 7. Bd3 c5 8. g4
cxd4 9. exd4 h5 10. gxh5 Bxe5 11. dxe5 Nxh5 12. Qg4 Nxf4 13. Qxf4 Qh4 14. Qe3
Qh3 15. Qxh3 Rxh3 16. Bb5 Ke7 17. Bxd7 Bxd7 18. Nd2 Rah8 19. O-O-O Rxh2 20.
Rxh2 Rxh2 21. f3 Re2 22. f4 Rf2 23. Rf1 Rxf1+ 24. Nxf1 f6 25. exf6+ Kxf6 26.
Kd2 e5 27. fxe5+ Kxe5 28. Ke3 g5 29. Ng3 a5 30. a3 a4 31. Ne2 Kf5 32. Kf3 g4+
33. Ke3 Kg5 34. Kf2 Kh4 35. Ng3 Kh3 36. Nh5 Kh2 37. Ng3 Be8 38. Nf1+ Kh3 39.
Ng3 Bg6 40. Nf1 Bd3 41. Ng3 b6 42. Nh5 Kh4 43. Ng3 b5 44. Nh1 Kg5 45. Ng3 Kf4
46. Nh5+ Ke5 47. Ke3 Kd6 48. Kxd3 Kc5 49. Ng3 Kd6 50. Kd4 Kc6 51. Ne2 Kd6 52.
Ke3 Kc5 53. Nd4 Kc4 54. Kf4 g3 55. Kxg3 Kd3 56. Kf4 Kd2 57. Ke5 Kc1 58. Kxd5
Kxb2 59. Nxb5 Ka1 60. c4 Kb1 61. c5 Kc1 62. c6 Kb1 63. c7 Kc1 64. c8=Q+ Kb1 65.
Kd4 Ka2 66. Qc2+ Ka1 67. Qh2 Kb1 68. Ke4 1-0

[Event "III Memorial Aldo Perini A"]
[Site "Senigallia ITA"]
[Date "2009.08.08"]
[Round "8"]
[White "Corti, Corrado"]
[Black "Busetto, Giorgio"]
[Result "1-0"]
[WhiteElo "2045"]
[BlackElo "1882"]
[PlyCount "155"]
[EventDate "2009.08.01"]

1. d4 Nf6 2. g3 d6 3. Bg2 g6 4. e4 Bg7 5. Ne2 O-O 6. O-O Nbd7 7. c4 e5 8. d5
Nc5 9. b4 Ncxe4 10. f3 Nxg3 11. hxg3 Nh5 12. Nbc3 f5 13. Bd2 Bd7 14. Rc1 Qe7
15. Be3 Nxg3 16. Nxg3 f4 17. Bf2 fxg3 18. Bxg3 Bh6 19. Rc2 Be3+ 20. Bf2 Bf4 21.
Qe1 Qg5 22. Ne2 Bf5 23. Rb2 Bd3 24. Qc3 Bxe2 25. Rxe2 Qh6 26. Rfe1 Rf5 27. Kf1
Raf8 28. Be3 g5 29. Bxf4 gxf4 30. Rf2 Rg5 31. Ke2 Qg6 32. Bh3 h5 33. Kd2 Rg3
34. Be6+ Kh8 35. Qd3 Qg5 36. Rh1 Rf6 37. Rhh2 Rh6 38. Qf5 Qxf5 39. Bxf5 Kg7 40.
Rh4 Kf6 41. Be4 Rg1 42. Rfh2 Kg5 43. a4 Ra1 44. Bc2 Ra3 45. R4h3 Ra1 46. Rg2+
Kf6 47. Rg8 h4 48. Rf8+ Ke7 49. Rc8 Rg1 50. Bf5 Kf6 51. Bg4 Rh7 52. Rf8+ Ke7
53. Rf5 Rg3 54. Kd3 Rg1 55. Rh5 Rxh5 56. Bxh5 Rd1+ 57. Kc2 Ra1 58. Rxh4 Rxa4
59. Kb3 Ra1 60. Bg6 c6 61. Be4 cxd5 62. Bxd5 b6 63. Be4 Kf6 64. Rg4 Re1 65.
Rg6+ Ke7 66. b5 Ra1 67. Rg2 Kf6 68. Rd2 Ke6 69. Ra2 Re1 70. Bd5+ Kf5 71. Rxa7
Re3+ 72. Kc2 Rxf3 73. Bxf3 e4 74. Rf7+ Ke5 75. Re7+ Kd4 76. Rxe4+ Kc5 77. Rxf4
d5 78. cxd5 1-0

[Event "III Memorial Aldo Perini A"]
[Site "Senigallia ITA"]
[Date "2009.08.08"]
[Round "8"]
[White "Danese, Aldo"]
[Black "Grazzi, Roberto"]
[Result "1-0"]
[WhiteElo "1956"]
[BlackElo "2026"]
[PlyCount "71"]
[EventDate "2009.08.01"]

1. Nf3 d6 2. g3 e5 3. d3 f5 4. Bg2 Nf6 5. c4 g6 6. O-O Bg7 7. Nc3 O-O 8. Rb1 c6
9. Qc2 a5 10. a3 Na6 11. b4 axb4 12. axb4 Nc7 13. Qb3 Kh8 14. Na4 Be6 15. Qc2
e4 16. Ng5 Bg8 17. dxe4 h6 18. Nh3 Nxe4 19. Bxe4 fxe4 20. Nb6 Ra6 21. Be3 Ne6
22. c5 d5 23. b5 Ra3 24. Bxh6 Rxg3+ 25. fxg3 Bxh6 26. Rxf8 Qxf8 27. Nd7 Be3+
28. Kg2 Qg7 29. bxc6 bxc6 30. Nb8 Nxc5 31. Nxc6 Be6 32. Nf4 Bd7 33. Nxd5 Qh6
34. Qc3+ Kg8 35. Rb8+ Kf7 36. Qf6# 1-0

[Event "III Memorial Aldo Perini A"]
[Site "Senigallia ITA"]
[Date "2009.08.08"]
[Round "8"]
[White "Ferrante, Marco"]
[Black "Di Trapani, Davide"]
[Result "1-0"]
[WhiteElo "2128"]
[BlackElo "1883"]
[PlyCount "48"]
[EventDate "2009.08.01"]

1. e4 e5 2. Nf3 Nc6 3. d4 exd4 4. Bc4 Bc5 5. c3 Nf6 6. e5 d5 7. Bb5 Ne4 8. cxd4
Bb4+ 9. Bd2 Nxd2 10. Bxc6+ bxc6 11. Nbxd2 O-O 12. a3 Bxd2+ 13. Qxd2 Bg4 14. Rc1
Qd7 15. Qc3 Rfb8 16. Qxc6 Qxc6 17. Rxc6 Rxb2 18. O-O Rb3 19. Rxc7 Rd3 20. Rfc1
g6 21. Rc8+ Rxc8 22. Rxc8+ Kg7 23. Rc7 Rxa3 24. e6 Ra1+ 1-0

[Event "III Memorial Aldo Perini A"]
[Site "Senigallia ITA"]
[Date "2009.08.08"]
[Round "8"]
[White "Giuliani, Sante"]
[Black "Fontana, Enrico"]
[Result "1/2-1/2"]
[WhiteElo "1987"]
[BlackElo "2130"]
[PlyCount "72"]
[EventDate "2009.08.01"]

1. Nf3 d5 2. g3 Nf6 3. Bg2 c6 4. O-O Nbd7 5. d3 e5 6. Nbd2 Bc5 7. e4 dxe4 8.
Nxe4 Nxe4 9. dxe4 O-O 10. Qe2 Qc7 11. b3 Re8 12. Bb2 Bf8 13. a4 a5 14. Nd2 Nc5
15. f4 exf4 16. gxf4 Ne6 17. Be5 Bd6 18. Bxd6 Qxd6 19. Nc4 Qc5+ 20. Kh1 Nd4 21.
Qe3 Be6 22. Rfd1 Rad8 23. Nxa5 Nxb3 24. Qxc5 Nxc5 25. f5 Ra8 26. Nxb7 Nxb7 27.
fxe6 Rxe6 28. a5 g6 29. a6 Nc5 30. a7 Re7 31. Ra5 Nxe4 32. Bxe4 Rxe4 33. Rd7
Kf8 34. Rb7 Re7 35. Rb8+ Re8 36. Rb7 Re7 1/2-1/2

[Event "III Memorial Aldo Perini A"]
[Site "Senigallia ITA"]
[Date "2009.08.08"]
[Round "8"]
[White "Mandolini, Riccardo"]
[Black "Foglia, Maurizio"]
[Result "1-0"]
[WhiteElo "1977"]
[BlackElo "2140"]
[PlyCount "77"]
[EventDate "2009.08.01"]

1. Nc3 Nf6 2. e4 d5 3. e5 d4 4. Nce2 Ng4 5. f4 h5 6. Nf3 c5 7. h3 Nh6 8. Ng3 g6
9. Bc4 e6 10. a3 Nc6 11. O-O Be7 12. d3 a6 13. Ne4 Nf5 14. Qe1 h4 15. Nh2 b5
16. Ba2 a5 17. Ng4 Ba6 18. Rf3 c4 19. Kh2 Rc8 20. Bd2 c3 21. bxc3 dxc3 22. Bxc3
b4 23. axb4 axb4 24. Bb3 Bb5 25. Bb2 Ncd4 26. Rf2 Nxb3 27. cxb3 Kf8 28. Nd6 Rb8
29. Qxb4 Bxd3 30. Qc3 Bb5 31. Rd2 Qb6 32. Nc8 Qb7 33. Nxe7 Nxe7 34. Ba3 Kg7 35.
Bxe7 Qxe7 36. Rd6 Rhc8 37. Qe3 Rc7 38. f5 exf5 39. Qh6+ 1-0

[Event "III Memorial Aldo Perini A"]
[Site "Senigallia ITA"]
[Date "2009.08.08"]
[Round "8"]
[White "Miandro, Steven"]
[Black "Vinciguerra, Marco"]
[Result "1/2-1/2"]
[WhiteElo "1878"]
[BlackElo "2037"]
[PlyCount "87"]
[EventDate "2009.08.01"]

1. d4 g6 2. c4 Bg7 3. Nc3 Nf6 4. e4 d6 5. f3 O-O 6. Be3 c6 7. Qd2 e5 8. d5 Qe7
9. O-O-O Ne8 10. Kb1 f5 11. Nge2 a6 12. Nc1 Bd7 13. Nb3 c5 14. Bg5 Qf7 15. Be3
Qe7 16. Bg5 Bf6 17. Be3 Nc7 18. Nxc5 b5 19. Nxd7 Qxd7 20. c5 f4 21. Bf2 b4 22.
Ne2 Qa4 23. cxd6 Nb5 24. Bc5 Nd7 25. Bxb4 a5 26. Bc3 Rfc8 27. Ka1 Rab8 28. b3
Qa3 29. Bb2 Qxd6 30. Rc1 Nc5 31. Nc3 Nd4 32. Bc4 Rxb3 33. Na4 Re3 34. Nxc5 Rxc5
35. Bd3 Be7 36. Rxc5 Qxc5 37. Rc1 Qb6 38. Qc3 Bb4 39. Qc8+ Bf8 40. Bc4 Kg7 41.
Qd7+ Kh6 42. Qh3+ Kg7 43. Qd7+ Kh6 44. Bd3 1/2-1/2

[Event "III Memorial Aldo Perini A"]
[Site "Senigallia ITA"]
[Date "2009.08.08"]
[Round "8"]
[White "Patrucco, Carlo"]
[Black "Pasquotto, Mirko"]
[Result "0-1"]
[WhiteElo "1815"]
[BlackElo "1922"]
[PlyCount "120"]
[EventDate "2009.08.01"]

1. e4 c5 2. Nc3 Nc6 3. g3 g6 4. Bg2 Bg7 5. d3 d6 6. f4 e6 7. Nf3 Nge7 8. O-O
O-O 9. Be3 Nd4 10. Rb1 Nec6 11. Ne2 Rb8 12. c3 Nxe2+ 13. Qxe2 b5 14. d4 cxd4
15. cxd4 d5 16. e5 Qb6 17. g4 b4 18. Qf2 Bd7 19. Nh4 Ne7 20. Rfd1 b3 21. a3
Rbc8 22. Rbc1 Rxc1 23. Rxc1 Rc8 24. Rc5 Bf8 25. f5 exf5 26. gxf5 Nxf5 27. Rxc8
Bxc8 28. Nxf5 Bxf5 29. Bxd5 Bxa3 30. Bxb3 Qxb3 31. bxa3 Qxa3 32. Qd2 Qa1+ 33.
Qc1 Qxc1+ 34. Bxc1 Kf8 35. Ba3+ Ke8 36. Kf2 Be4 37. Ke3 Bd5 38. Kd3 Kd7 39. h4
Kc6 40. Kc3 a5 41. Be7 Kb5 42. Kb2 a4 43. Ka3 Bb3 44. Bc5 Kc4 45. Bb6 h6 46.
Bd8 Kxd4 47. Bf6 Ke4 48. Bg7 g5 49. h5 g4 50. Bxh6 Kxe5 51. Bg7+ Kf5 52. Kb2 g3
53. h6 Kg6 54. Kc1 g2 55. Bd4 Kxh6 56. Kd2 a3 57. Ke2 a2 58. Kf2 Bd5 59. Kg1
Kg6 60. Ba1 Kf5 0-1

[Event "III Memorial Aldo Perini A"]
[Site "Senigallia ITA"]
[Date "2009.08.08"]
[Round "8"]
[White "Quattrini, Massimo"]
[Black "Lavric, Mihail"]
[Result "0-1"]
[WhiteElo "1904"]
[BlackElo "1986"]
[PlyCount "72"]
[EventDate "2009.08.01"]

1. e4 c5 2. c3 Nf6 3. e5 Nd5 4. d4 e6 5. Nf3 Be7 6. Be2 O-O 7. O-O d6 8. c4 Nc7
9. exd6 Bxd6 10. dxc5 Bxc5 11. Qxd8 Rxd8 12. Bf4 Ne8 13. Nc3 Nc6 14. Rad1 Rxd1
15. Rxd1 b6 16. Ne4 Bf8 17. c5 bxc5 18. Bb5 Bb7 19. Rd7 Na5 20. Neg5 h6 21.
Nxf7 Nf6 22. Rxb7 Nxb7 23. N7e5 Rd8 24. Kf1 Rd1+ 25. Ke2 Ra1 26. Bc4 Nd5 27.
Bd2 Nd6 28. Bb3 g5 29. h4 g4 30. Nxg4 c4 31. Bc2 Rxa2 32. Nxh6+ Bxh6 33. Bxh6
Rxb2 34. Kd1 Ra2 35. Bc1 Nc3+ 36. Kd2 Nde4+ 0-1

[Event "III Memorial Aldo Perini A"]
[Site "Senigallia ITA"]
[Date "2009.08.08"]
[Round "8"]
[White "Raselli, Claudio"]
[Black "Loccisano, Giuseppe"]
[Result "1-0"]
[WhiteElo "1984"]
[BlackElo "1804"]
[PlyCount "87"]
[EventDate "2009.08.01"]

1. d4 d5 2. Nf3 Nf6 3. e3 Bf5 4. c4 e6 5. Qb3 Be7 6. Qxb7 Nbd7 7. c5 O-O 8. Be2
a5 9. O-O Ne4 10. Nc3 Nxc3 11. bxc3 Nf6 12. Nh4 Ne4 13. Nxf5 exf5 14. Qb3 Qd7
15. Qc2 Bf6 16. Ba3 c6 17. Rab1 Rfb8 18. Bd3 g6 19. c4 Bg7 20. cxd5 Qxd5 21.
Bxe4 fxe4 22. h3 f5 23. Rxb8+ Rxb8 24. Rb1 Rxb1+ 25. Qxb1 Kf7 26. Qb3 Ke6 27.
Kf1 Bf6 28. Ke2 Qxb3 29. axb3 Kd5 30. Bb2 g5 31. Bc3 Bd8 32. Kd2 h5 33. Kc2 f4
34. Kb2 a4 35. bxa4 Kc4 36. Kc2 Bc7 37. a5 Kb5 38. Kb3 Bb8 39. Bd2 fxe3 40.
Bxe3 g4 41. hxg4 hxg4 42. g3 Ba7 43. Bf4 Kxa5 44. Kc4 1-0

[Event "III Memorial Aldo Perini A"]
[Site "Senigallia ITA"]
[Date "2009.08.08"]
[Round "8"]
[White "Recchi, Antonio"]
[Black "Lucchi, Lorenzo"]
[Result "0-1"]
[WhiteElo "1881"]
[BlackElo "2040"]
[PlyCount "104"]
[EventDate "2009.08.01"]

1. e4 e6 2. d4 b6 3. a3 c5 4. Nf3 Nc6 5. d5 exd5 6. exd5 Qe7+ 7. Qe2 Nd4 8.
Nxd4 cxd4 9. Nd2 Bb7 10. Ne4 Bxd5 11. Nd6+ Kd8 12. Qxe7+ Bxe7 13. Bf4 Nf6 14.
Nb5 Re8 15. O-O-O a6 16. Nc7 Rc8 17. Nxe8 Kxe8 18. Bxa6 Rc6 19. Bb7 Rc4 20.
Bxd5 Nxd5 21. Bg3 f5 22. Rhe1 Kf7 23. Re5 Bg5+ 24. Kb1 Ne7 25. Rb5 Bf6 26. Bd6
Nc8 27. Bf4 d3 28. Rxd3 Rxf4 29. Rxd7+ Ke6 30. Rc7 Nd6 31. Rxb6 Bd8 32. Rxd6+
Kxd6 33. Rxg7 Rxf2 34. h3 h5 35. Rg6+ Kd5 36. b4 h4 37. Rg7 Bf6 38. Rg6 Ke6 39.
g4 Kf7 40. gxf5 Rxf5 41. Rg4 Rf3 42. a4 Ra3 43. Kc1 Rxa4 44. Kd2 Ra3 45. b5
Rxh3 46. Rf4 Ke6 47. Rc4 Rh1 48. Rc6+ Kf7 49. b6 h3 50. Rc7+ Kg6 51. b7 Rb1 52.
Rc4 h2 0-1

[Event "III Memorial Aldo Perini A"]
[Site "Senigallia ITA"]
[Date "2009.08.08"]
[Round "8"]
[White "Rombaldoni, Axel"]
[Black "Bonazzi, Edoardo"]
[Result "1-0"]
[WhiteElo "2425"]
[BlackElo "2183"]
[PlyCount "41"]
[EventDate "2009.08.01"]

1. e4 c6 2. c4 d5 3. exd5 cxd5 4. cxd5 Nf6 5. Nc3 Nxd5 6. Nf3 Nc6 7. Bb5 e6 8.
O-O Be7 9. d4 O-O 10. Re1 Bf6 11. Ne4 Nce7 12. Bd3 b6 13. Nfg5 Nf5 14. g4 Nxd4
15. Nxh7 Kxh7 16. Nxf6+ Kh8 17. g5 Nxf6 18. gxf6 g6 19. Be4 Rb8 20. Bf4 Rb7 21.
Be5 1-0

[Event "III Memorial Aldo Perini A"]
[Site "Senigallia ITA"]
[Date "2009.08.08"]
[Round "8"]
[White "Rotoni, Matteo"]
[Black "Frontini, Fabio"]
[Result "1-0"]
[WhiteElo "2189"]
[BlackElo "1943"]
[PlyCount "25"]
[EventDate "2009.08.01"]

1. e4 e5 2. Nf3 d6 3. d4 Nf6 4. Nc3 exd4 5. Nxd4 Be7 6. Be2 O-O 7. O-O b6 8.
Bf3 Nbd7 9. Nc6 Qe8 10. Nxe7+ Qxe7 11. e5 Nxe5 12. Bxa8 Bg4 13. f3 1-0

[Event "III Memorial Aldo Perini A"]
[Site "Senigallia ITA"]
[Date "2009.08.08"]
[Round "8"]
[White "Rovedi, Mauro"]
[Black "Gromovs, Sergejs"]
[Result "1-0"]
[WhiteElo "2033"]
[BlackElo "2339"]
[PlyCount "83"]
[EventDate "2009.08.01"]

1. Nf3 h6 2. b3 Nf6 3. Bb2 d5 4. e3 Bg4 5. Be2 e6 6. Ne5 Bf5 7. O-O Nbd7 8. c4
Nxe5 9. Bxe5 Bd6 10. f4 c6 11. Nc3 Qe7 12. Bxd6 Qxd6 13. d4 h5 14. Bd3 g6 15.
Qc2 h4 16. c5 Qe7 17. b4 a6 18. a4 O-O 19. b5 axb5 20. axb5 Ng4 21. Qd2 f6 22.
b6 e5 23. Bxf5 gxf5 24. h3 exd4 25. exd4 Nh6 26. Qf2 Kh7 27. Rae1 Qg7 28. Qxh4
Rg8 29. Rf2 Ra3 30. Re3 Qg6 31. Rfe2 Rg7 32. Kh2 Rb3 33. Nxd5 Rxe3 34. Nxe3 Re7
35. Re1 Rg7 36. Rd1 Re7 37. Rd3 Re4 38. d5 cxd5 39. Nxd5 Re6 40. Re3 Qf7 41.
Rxe6 Qxe6 42. Nxf6+ 1-0

[Event "III Memorial Aldo Perini A"]
[Site "Senigallia ITA"]
[Date "2009.08.08"]
[Round "8"]
[White "Salmoiraghi, Angelo"]
[Black "Xia, Jie"]
[Result "0-1"]
[WhiteElo "2151"]
[BlackElo "2206"]
[PlyCount "82"]
[EventDate "2009.08.01"]

1. e4 c5 2. Nc3 Nc6 3. f4 g6 4. Nf3 Bg7 5. Bb5 Nd4 6. Bd3 a6 7. Nxd4 cxd4 8.
Ne2 d5 9. e5 Qb6 10. b3 f6 11. exf6 Nxf6 12. O-O Ne4 13. Bb2 Bg4 14. Kh1 O-O
15. Qe1 e5 16. Ba3 Rf7 17. Ng3 Nc5 18. Bxc5 Qxc5 19. fxe5 Qe7 20. Rxf7 Qxf7 21.
Qg1 Qf4 22. Rf1 Qxe5 23. Qf2 Rf8 24. Qe1 Rxf1+ 25. Qxf1 Bf8 26. Qf2 Bd6 27. Nf1
Kg7 28. Qg3 Qe6 29. Qf2 Qe5 30. Qg3 Qxg3 31. Nxg3 Bxg3 32. hxg3 Kf6 33. Kg1 Bf5
34. Kf2 Bxd3 35. cxd3 Kg5 36. Kf3 h5 37. g4 h4 38. b4 b6 39. a4 a5 40. b5 Kf6
41. Ke2 Ke5 0-1

[Event "III Memorial Aldo Perini A"]
[Site "Senigallia ITA"]
[Date "2009.08.08"]
[Round "8"]
[White "Salvioli, Alessandro"]
[Black "Cannada Bartoli, Vincenzo"]
[Result "0-1"]
[WhiteElo "1866"]
[BlackElo "1981"]
[PlyCount "80"]
[EventDate "2009.08.01"]

1. e4 e6 2. d4 d5 3. Nc3 Bb4 4. Nge2 dxe4 5. a3 Be7 6. Nxe4 Nf6 7. N2g3 Bd7 8.
Bd3 Bc6 9. c3 Nbd7 10. O-O Nxe4 11. Nxe4 Nf6 12. f3 a5 13. Qe2 O-O 14. Bd2 b6
15. Rad1 Qd7 16. Bc1 Rad8 17. Qc2 g6 18. Rfe1 Nxe4 19. fxe4 f5 20. exf5 exf5
21. Bc4+ Kg7 22. Be6 Qd6 23. Re5 Be4 24. Qe2 Bf6 25. Bf4 Qc6 26. Qf2 Rfe8 27.
Bb3 Bxe5 28. Bxe5+ Rxe5 29. dxe5 Rxd1+ 30. Bxd1 Qd5 31. Qd4 Bxg2 32. Bb3 Qxd4+
33. cxd4 Be4 34. Kf2 f4 35. d5 Kf8 36. a4 Ke7 37. Bc4 g5 38. Ke2 h5 39. Kf2 g4
40. Ke2 h4 0-1

[Event "III Memorial Aldo Perini A"]
[Site "Senigallia ITA"]
[Date "2009.08.08"]
[Round "8"]
[White "Scivales, Daniel"]
[Black "Proietti, Tosca"]
[Result "1/2-1/2"]
[WhiteElo "2037"]
[BlackElo "1829"]
[PlyCount "34"]
[EventDate "2009.08.01"]

1. d4 Nf6 2. c4 g6 3. Nf3 Bg7 4. Nc3 O-O 5. e4 d6 6. Be2 e5 7. d5 a5 8. Bg5 h6
9. Bh4 Na6 10. Nd2 Nc5 11. Qc2 a4 12. O-O g5 13. Bg3 Bd7 14. b4 axb3 15. axb3
Na6 16. f3 Nh5 17. Bf2 Nf4 1/2-1/2

[Event "III Memorial Aldo Perini A"]
[Site "Senigallia ITA"]
[Date "2009.08.08"]
[Round "8"]
[White "Stromboli, Carlo"]
[Black "Rago, Riccardo"]
[Result "1-0"]
[WhiteElo "2289"]
[BlackElo "2088"]
[PlyCount "59"]
[EventDate "2009.08.01"]

1. e4 c5 2. Nf3 Nc6 3. d4 cxd4 4. Nxd4 Nf6 5. Nc3 e5 6. Ndb5 d6 7. Bg5 a6 8.
Na3 b5 9. Nd5 Be7 10. Bxf6 Bxf6 11. c3 O-O 12. Nc2 Rb8 13. Qd3 a5 14. Rd1 Bg5
15. g3 Kh8 16. h4 Bh6 17. Nde3 Be6 18. Nf5 d5 19. Nxh6 dxe4 20. Qxe4 Qc8 21.
Ne3 gxh6 22. Rd6 Rb6 23. g4 Qc7 24. Rd5 Qb8 25. Rd2 f6 26. Bd3 Qc7 27. Bb1 Qf7
28. Rd6 f5 29. gxf5 Ne7 30. Qxe5+ 1-0

[Event "III Memorial Aldo Perini A"]
[Site "Senigallia ITA"]
[Date "2009.08.09"]
[Round "9"]
[White "Altini, Nicola"]
[Black "Calavalle, Giulio"]
[Result "1/2-1/2"]
[WhiteElo "2078"]
[BlackElo "2228"]
[PlyCount "31"]
[EventDate "2009.08.01"]

1. d4 Nf6 2. Bg5 d5 3. Nf3 e6 4. e3 c5 5. c3 Qb6 6. Qb3 c4 7. Qc2 Ne4 8. Bf4
Bd6 9. Bxd6 Qxd6 10. Bxc4 Nc6 11. Bb5 Bd7 12. Nbd2 Nxd2 13. Nxd2 O-O 14. Bxc6
Bxc6 15. O-O f6 16. Qb3 1/2-1/2